| 000 | 00940cam a2200169ua 4500 | ||
|---|---|---|---|
| 020 | _c5.00 | ||
| 041 |
_aeng _h |
||
| 082 |
_a626.823 _bIND/CO |
||
| 110 | 1 |
_aIndian Standards Institution . _bISI _c() |
|
| 245 | _aCode of practice for design of cross drainage works IS:7784(partII/sec 4)-1980 | ||
| 260 |
_aNew Delhi : _bIndian Standards Institution , _c1981. |
||
| 300 | _a9 ; . | ||
| 365 | _a5.00 | ||
| 504 | _a | ||
| 942 | _cBK | ||
| 999 |
_c7182 _d7182 |
||